La historia de… los gladiadores y el coliseo / (Registro nro. 3286)

Detalles MARC
000 -LEADER
fixed length control field 01283nam a2200265Ia 4500
003 - CONTROL NUMBER IDENTIFIER
control field OSt
005 - DATE AND TIME OF LATEST TRANSACTION
control field 20200619162018.0
008 - FIXED-LENGTH DATA ELEMENTS--GENERAL INFORMATION
fixed length control field 191128s2013 ck a gr 000 j spa d
020 ## - INTERNATIONAL STANDARD BOOK NUMBER
International Standard Book Number 9789583027116
040 ## - CATALOGING SOURCE
Original cataloging agency CO-JMCR
Transcribing agency CO-JMCR
041 ## - LANGUAGE CODE
Language code of text/sound track or separate title spa
082 04 - DEWEY DECIMAL CLASSIFICATION NUMBER
Classification number H /
Item number SAUh
100 1# - MAIN ENTRY--PERSONAL NAME
Personal name Saunders, Nick,
Relator term autor
9 (RLIN) 5864
245 13 - TITLE STATEMENT
Title La historia de… los gladiadores y el coliseo /
Statement of responsibility, etc. Nick Saunders; traducción Lina Rojas Camargo
250 ## - EDITION STATEMENT
Edition statement Primera edición
260 ## - PUBLICATION, DISTRIBUTION, ETC.
Place of publication, distribution, etc. Bogotá :
Name of publisher, distributor, etc. Panamericana,
Date of publication, distribution, etc. 2013
300 ## - PHYSICAL DESCRIPTION
Extent 50 páginas :
Other physical details ilustraciones a color ;
Dimensions 23 cm.
500 ## - GENERAL NOTE
General note Recomendado para mayores de 15 años.
505 ## - FORMATTED CONTENTS NOTE
Formatted contents note El imperio romano -- El proyecto del coliseo -- La elección de los gladiadores -- La vida de un gladiador -- ¡Muerte de los cristianos! -- Saqueo y abandono -- Recorrido por el coliseo -- Línea de tiempo -- ¿Sabías que…?
520 ## - SUMMARY, ETC.
Summary, etc. Una fascinante alternativa para conocer hechos de la vida real y anécdotas de grandes personajes. Cada novela gráfica de esta vibrante serie presenta un completo resumen de eventos históricos y figuras clave del pasado.
534 ## - ORIGINAL VERSION NOTE
Introductory phrase The history of… Gladiators and the colosseum
650 ## - SUBJECT ADDED ENTRY--TOPICAL TERM
Topical term or geographic name entry element Tiras cómicas
9 (RLIN) 5616
700 ## - ADDED ENTRY--PERSONAL NAME
Personal name Rojas Camargo, Lina,
Relator term traductora
9 (RLIN) 5865
942 ## - ADDED ENTRY ELEMENTS (KOHA)
Source of classification or shelving scheme Dewey Decimal Classification
Koha item type Books
Existencias
Withdrawn status Lost status Source of classification or shelving scheme Damaged status Not for loan Collection code Home library Current library Date acquired Source of acquisition Cost, normal purchase price Total Checkouts Full call number Barcode Date last seen Date last checked out Copy number Koha item type
    Dewey Decimal Classification     Fiction Biblioteca Pública José María del Castillo y Rada Biblioteca Pública José María del Castillo y Rada 11/28/2019 Donación 0.00 4 H / SAUh 201811789 08/27/2024 08/27/2024 Ej.1 Books